000 00665cab a2200193 4500
001 L136730
008 070220n2007 000 0 eng u
035 _a(Sirsi) u136730
041 0 _aeng
100 1 _aHumphries, Paul
245 0 0 _aClose encounters
260 _c2007
490 0 0 _aInside Housing
_v16 February 2007, 22-24(2)
520 _aReports on the issue of methane which can seep from disused coalmines and former landfill sites into homes built back when the housing sector knew little of the dangers it could pose.
590 _aKA
651 4 _aEngland
_y886-
690 _aPROPERTY-RURAL AND NATURAL ASSETS-LAND-CONTAMINATED LAND
942 _n0
999 _c78421
_d78421